Wrens, Kinglets, and Gnatcatchers of North America - Statistics

General Stats
  • This quiz has been taken 6 times
  • The average score is 12 of 19
Answer Stats
Picture Answer % Correct
Golden-Crowned Kinglet
100%
Marsh Wren
100%
Rock Wren
100%
Ruby-Crowned Kinglet
100%
American Dipper
80%
Blue-Gray Gnatcatcher
80%
Cactus Wren
80%
Carolina Wren
80%
House Wren
80%
Pacific Wren
80%
Sedge Wren
80%
Winter Wren
80%
Bewick's Wren
60%
Black-Capped Gnatcatcher
60%
Canyon Wren
40%
Wrentit
40%
Arctic Warbler
0%
Black-Tailed Gnatcatcher
0%
California Gnatcatcher
0%
No matching quizzes found
Score Distribution
Percent of People with Each Score
Percentile by Number Answered
Your Score History
You have not taken this quiz